The world before this one : (Record no. 1264)

MARC details
000 -LEADER
fixed length control field 01304cam a22003374a 4500
005 - DATE AND TIME OF LATEST TRANSACTION
control field 20230809154959.0
020 ## - INTERNATIONAL STANDARD BOOK NUMBER
International Standard Book Number 0590379763
020 ## - INTERNATIONAL STANDARD BOOK NUMBER
International Standard Book Number 0590379801 (pbk.)
040 ## - CATALOGING SOURCE
Original cataloging agency DLC
Transcribing agency DLC
Modifying agency DLC
Language of cataloging eng
050 00 - LIBRARY OF CONGRESS CALL NUMBER
Classification number E99.S3
Item number M18 2002
082 00 - DEWEY DECIMAL CLASSIFICATION NUMBER
Classification number 398.2/089/9755
Edition number 21
100 1# - MAIN ENTRY--PERSONAL NAME
Personal name Martin, Rafe,
Dates associated with a name 1946-
245 14 - TITLE STATEMENT
Title The world before this one :
Remainder of title a novel told in legend /
Statement of responsibility, etc. Rafe Martin ; with paper sculpture by Calvin Nicholls.
250 ## - EDITION STATEMENT
Edition statement 1st ed.
260 ## - PUBLICATION, DISTRIBUTION, ETC.
Place of publication, distribution, etc. New York :
Name of publisher, distributor, etc. Arthur A. Levine Books,
Date of publication, distribution, etc. 2002.
300 ## - PHYSICAL DESCRIPTION
Extent 195 pages :
Other physical details Illustrations ;
Dimensions 20 cm.
505 ## - FORMATTED CONTENTS NOTE
Formatted contents note N <br/>
520 ## - SUMMARY, ETC.
Summary, etc. After Crow and his grandmother are cast out of the Seneca tribe because they are unable to help make war, Crow hears the voice of the Storytelling Stone and comes to realize his own power to effect change.
521 ## - TARGET AUDIENCE NOTE
Target audience note 590 <br/>
Source Lexile <br/><br/>
521 ## - TARGET AUDIENCE NOTE
Target audience note N <br/>
Source Raz-Plus <br/>
650 #0 - SUBJECT ADDED ENTRY--TOPICAL TERM
Topical term or geographic name entry element Seneca Indians
Form subdivision Folklore.
650 #0 - SUBJECT ADDED ENTRY--TOPICAL TERM
Topical term or geographic name entry element Seneca mythology
Form subdivision Juvenile literature.
650 #0 - SUBJECT ADDED ENTRY--TOPICAL TERM
Topical term or geographic name entry element Tales
Geographic subdivision New York (State)
650 #1 - SUBJECT ADDED ENTRY--TOPICAL TERM
Topical term or geographic name entry element Seneca Indians
Form subdivision Folklore.
650 #1 - SUBJECT ADDED ENTRY--TOPICAL TERM
Topical term or geographic name entry element Indians of North America
Geographic subdivision New York (State)
Form subdivision Folklore.
650 #1 - SUBJECT ADDED ENTRY--TOPICAL TERM
Topical term or geographic name entry element Folklore
Geographic subdivision New York (State)
906 ## - LOCAL DATA ELEMENT F, LDF (RLIN)
a 7
b cbc
c orignew
d 1
e ocip
f 20
g y-gencatlg
942 ## - ADDED ENTRY ELEMENTS (KOHA)
Source of classification or shelving scheme Dewey Decimal Classification
Koha item type Books
Suppress in OPAC No
999 ## -
-- 1264
-- 1264
Holdings
Withdrawn status Lost status Source of classification or shelving scheme Damaged status Not for loan Collection Home library Current library Shelving location Date acquired Total Checkouts Full call number Barcode Date last seen Date last checked out Price effective from Koha item type
    Dewey Decimal Classification     Fiction Footprints International School Library Network Toul Kork Campus Footprints International School Library Network Toul Kork Campus   08/09/2023 1 MAR Fic E99.S3 FISSE00174 03/05/2024 02/27/2024 08/09/2023 Books